NBA Every pistons all star - Statistics

General Stats
  • This quiz has been taken 13 times
  • The average score is 7 of 8
Answer Stats
Hint Answer % Correct
20032004 2005 2006 Ben Wallace
100%
20062007 2008 2009 2010 Chauncey Billups
100%
19951996 1997 1998 1999 2000 2001 2005 Grant Hill
100%
19821983 1984 1985 1986 1987 1988 1989 1990 1991 1992 1993 Isiah Thomas
100%
19901991 1992 1993 1995 1997 Joe Dumars
100%
2024 Cade Cunningham
90%
19681969 1971 1973 1974 1975 1976 Dave Bing
70%
19551956 1957 1958 1959 1960 George Yardley
10%
No matching quizzes found
Score Distribution
Percent of People with Each Score
Percentile by Number Answered
Your Score History
You have not taken this quiz